| 000 | 00481nam a2200181 a 4500 | ||
|---|---|---|---|
| 005 | 20140412111241.0 | ||
| 008 | 020415s19uu xx 00 eng d | ||
| 020 | _a0-590-43949-9 | ||
| 050 |
_aTR(PS E _bSk9 1984 |
||
| 100 | _aAsch, Frank | ||
| 245 |
_aSkyfire / _cFrank Asch. |
||
| 260 |
_aNew York : _bScholastic Inc, _c1984. |
||
| 300 | _a[18] p. ; ill. | ||
| 440 | _aReading Rainbow | ||
| 650 |
_aRainbow _xFiction |
||
| 650 |
_aChildren stories _xFiction |
||
| 999 |
_c102730 _d102730 |
||